Estructura Atómica un enfoque químico
| Main Authors: | , , |
|---|---|
| Format: | Section = Libro |
| Language: | Undetermined Spanish |
| Published: |
EstadosUnidos
Addison/Wesley
1991
|
| Subjects: |
| LEADER | 00696nam a2200253Ia 4500 | ||
|---|---|---|---|
| 008 | 240830s9999 xx 000 0 und d | ||
| 020 | |a 0-201-64018-X | ||
| 040 | |a CEDOC FIQ-RUSB / 541.24 C957 | ||
| 041 | |a spa | ||
| 082 | |a 541.24 C957 | ||
| 100 | 1 | |a Cruz Garritz, Dania | |
| 100 | 1 | |b Chamizo, José A. | |
| 100 | 1 | |c Garritz, Andoni | |
| 245 | 1 | 0 | |a Estructura Atómica un enfoque químico |
| 260 | |a EstadosUnidos |b Addison/Wesley |c 1991 | ||
| 300 | |a 830 p. :il | ||
| 650 | 7 | |a ESTRUCTURA ATÓMICA | |
| 650 | 7 | |b QÍMICA SIGLO XIX | |
| 650 | 7 | |c TEORÍA CUÁNTICA | |
| 650 | 7 | |d ASPECTOS ATÓMICOS | |
| 650 | 7 | |e MECÁNICA CUÁNTICA | |
| 942 | |c BK |2 ddc | ||
| 991 | |a TEXTO | ||
| 999 | |c 13311 | ||